| 000 | 01275nam0a22002771 4500 | ||
|---|---|---|---|
| 001 | rc\3699486 | ||
| 005 | 20250610101224.0 | ||
| 021 |
_aRU _b[73-11909ж] |
||
| 035 | _a(NLR Aleph) 007853272 | ||
| 090 |
_a7784812 _c7784812 |
||
| 100 | _a20130115d1972 |||y0rusy50 ca | ||
| 101 | 0 | _arus | |
| 102 | _aRU | ||
| 105 | _aac z ||||| | ||
| 200 | 1 |
_aКлиническая казуистика _e[Сборник статей _eК 30-летию науч., врачебной, пед, и обществ. деятельности А.А. Демина _fРед. коллегия: проф. Л.Д. Сидорова (отв. ред.) и др.] |
|
| 210 |
_aНовосибирск _cБ. и. _d1972 |
||
| 215 |
_a296 с., 1 л. портр. _cил. _d21 |
||
| 225 | 1 |
_aМинистерство здравоохранения СССР. Новосибирский государственный медицинский институт. Научные труды _vТ. 62 |
|
| 606 |
_aКлиническая медицина _jСборники _2psbo |
||
| 702 | 1 |
_aСидорова _bЛ.Д. _4340 |
|
| 702 | 1 |
_aДемин _bА.А. _gАристарх Александрович _4570 |
|
| 801 | 0 |
_aRU _bNLR _gpsbo |
|
| 801 | 1 |
_aRU _bELAR _2rusmarc |
|
| 852 |
_aNLR _jП16/600 |
||
| 942 | _cBOOK | ||
| 980 | _aNB | ||